Водообмен в гидрогеологических структурах Украины. Водообмен в нарушенных условиях

Bibliographische Detailangaben
Körperschaft: Академия наук Украинской ССР (АН УССР) Институт геологических наук (ИГН)
Weitere Verfasser: Шестопалов В. М. Вячеслав Михайлович (редактор)
Sprache:Russisch
Veröffentlicht: Киев, Наукова думка, 1991
Schlagworte:
Format: Buch
KOHA link:https://koha.lib.tpu.ru/cgi-bin/koha/opac-detail.pl?biblionumber=142854

MARC

LEADER 00000nam0a2200000 4500
001 142854
005 20231031142906.0
010 |a 5120019064 
020 |a RU  |b 91-32629 
035 |a (RuTPU)RU\TPU\book\154815 
090 |a 142854 
100 |a 20080912d1991 k a0rusy5003 ca 
101 0 |a rus 
102 |a UA 
105 |a a z 001zy 
200 1 |a Водообмен в гидрогеологических структурах Украины. Водообмен в нарушенных условиях  |f Академия наук Украинской ССР (АН УССР), Институт геологических наук (ИГН) ; гл. ред. В. М. Шестопалов 
210 |a Киев  |c Наукова думка  |d 1991 
215 |a 527 с.  |c ил. 
320 |a Библиогр.: с. 517-524. 
610 1 |a подземные воды 
610 1 |a водообмен 
610 1 |a гидрогеологические структуры 
610 1 |a Украина 
675 |a 556.34  |v 3 
702 1 |a Шестопалов  |b В. М.  |g Вячеслав Михайлович  |4 340 
712 0 2 |a Академия наук Украинской ССР (АН УССР)  |b Институт геологических наук (ИГН)  |2 stltpush  |3 (RuTPU)RU\TPU\col\12890 
801 0 |a RU  |b RuMRKP  |c 19960705  |g psbo 
801 1 |a RU  |b 63413507  |c 20080912  |g PSBO 
801 2 |a RU  |b 63413507  |c 20090130  |g PSBO 
942 |c BK